<?xml version="1.0" encoding="UTF-8"?>
<record
    xmlns:xsi="http://www.w3.org/2001/XMLSchema-instance"
    xsi:schemaLocation="http://www.loc.gov/MARC21/slim http://www.loc.gov/standards/marcxml/schema/MARC21slim.xsd"
    xmlns="http://www.loc.gov/MARC21/slim">

  <leader>01637nam a2200205 a 4500</leader>
  <controlfield tag="001">FIB024723</controlfield>
  <controlfield tag="003">PILC</controlfield>
  <controlfield tag="005">20150921085836.0</controlfield>
  <controlfield tag="008">                                        </controlfield>
  <datafield tag="020" ind1=" " ind2=" ">
    <subfield code="a">9789715065771</subfield>
  </datafield>
  <datafield tag="050" ind1=" " ind2=" ">
    <subfield code="a">PL 6055 </subfield>
    <subfield code="b">.D355 2010</subfield>
  </datafield>
  <datafield tag="100" ind1=" " ind2=" ">
    <subfield code="a">De Castro, Imelda.</subfield>
  </datafield>
  <datafield tag="245" ind1=" " ind2="0">
    <subfield code="a">Kritikal na pagbasa at akademikong pagsulat tungo sa pananaliksik /</subfield>
    <subfield code="c">Imelda Pineda-De Castro; Zendel Rosario Manaois-Taruc.</subfield>
  </datafield>
  <datafield tag="260" ind1=" " ind2=" ">
    <subfield code="a">Manila :</subfield>
    <subfield code="b">UST Publishing House,</subfield>
    <subfield code="c">2010.</subfield>
  </datafield>
  <datafield tag="300" ind1=" " ind2=" ">
    <subfield code="a">xii, 304 pages ;</subfield>
    <subfield code="c">26 cm.</subfield>
  </datafield>
  <datafield tag="505" ind1=" " ind2=" ">
    <subfield code="a">Unang Bahagi. Kritikal na Pagbasa: Mga batayang kaalaman sa pagbasa -- Teoryang metakognisyon sa pagbasa -- Mga istratehiya ng mambabasa -- Ang tekstong ekspositori -- Ang pagbasa sa kolehiyo -- Kasanayan sa akademikong pagbasa -- Ikalawang Bahagi. Akademikong Pagsulat: Mga batayang kaalaman sa pagsulat sa kolehiyo -- Ang akademikong pagsulat -- Mga gawaing makatutulong sa pagpapalawak ng kaalaman sa pagsulat -- Mga kasanayan sa pagbuo ng konseptong papel -- Ang pagsulat ng komposisyon -- Karaniwang padron ng sulatin -- Mga halimbawa ng abstrak at konseptong papel -- Mga pagsasanay sa pagsulat -- Ang pananaliksik -- Mga hakbang sa pagsulat ng pamanahong papel -- Ikatlong Bahagi. Akademikong Pananaliksik: Ang sulating pang-akademya -- Paggawa ng nagbabalitang argumento -- Proseso ng personal na pagtugon sa isang analitikal sa pagsulat -- Antas ng pananaliksik -- Paano maiiwasan ang plagiarism? -- Saling salita ng kompyuter -- Mga halimbawa ng pamanahong papel.</subfield>
  </datafield>
  <datafield tag="650" ind1=" " ind2=" ">
    <subfield code="a">Filipino language</subfield>
    <subfield code="x">Study and teaching.</subfield>
  </datafield>
  <datafield tag="700" ind1=" " ind2=" ">
    <subfield code="a">Manaois-Taruc, Zendel Rosario.</subfield>
  </datafield>
  <datafield tag="942" ind1=" " ind2=" ">
    <subfield code="2">lcc</subfield>
    <subfield code="c">BK</subfield>
    <subfield code="k">FIL</subfield>
  </datafield>
  <datafield tag="999" ind1=" " ind2=" ">
    <subfield code="c">288696</subfield>
    <subfield code="d">288696</subfield>
  </datafield>
  <datafield tag="952" ind1=" " ind2=" ">
    <subfield code="0">0</subfield>
    <subfield code="1">0</subfield>
    <subfield code="2">lcc</subfield>
    <subfield code="4">0</subfield>
    <subfield code="a">CL</subfield>
    <subfield code="b">CL</subfield>
    <subfield code="c">FIL</subfield>
    <subfield code="d">2015-09-21</subfield>
    <subfield code="e">DONATION</subfield>
    <subfield code="l">1</subfield>
    <subfield code="m">2</subfield>
    <subfield code="o">PL 6055  .D355 2010</subfield>
    <subfield code="p">C20032</subfield>
    <subfield code="q">2023-02-28</subfield>
    <subfield code="r">2023-01-24 00:00:00</subfield>
    <subfield code="s">2023-01-24</subfield>
    <subfield code="w">2015-09-21</subfield>
    <subfield code="y">BK</subfield>
  </datafield>
</record>
